| 000 | 00821nam a2200253 a 4500 | ||
|---|---|---|---|
| 001 | 000039114 | ||
| 003 | OCoLC | ||
| 005 | 20201002031512.0 | ||
| 008 | 081112s1989 dr a 001 f spa d | ||
| 020 | _a9978800433 | ||
| 040 |
_aDO-SdBNP _bspa _cBNPHU |
||
| 082 |
_a813.3 _bM813ca |
||
| 100 | 1 |
_aBeecher Stowe, Harriet _965319 |
|
| 240 | 1 | 0 |
_aUncle Tom's Cabin. _lEspañol. |
| 245 | 1 | 3 |
_aLa cabaña del tío Tom / _cHarriet Beecher Stowe ; ilustraciones Nelson Jácme Viteri. |
| 260 |
_aSanto Domingo : _bLibresa, _c1989. |
||
| 300 |
_a68 p. : _bil. ; _c22 cm. |
||
| 490 | 1 | _aClásicos de siempre | |
| 650 | 4 |
_aNovela estadounidense _9262 |
|
| 650 | 4 |
_aLiteratura estadounidense _9263 |
|
| 700 | 1 | 2 |
_tLa cabaña del tio Tom _965320 |
| 700 | 1 | 2 |
_aJácme Viteri, Nelson _eil. _965321 |
| 830 | 0 |
_aClásicos de siempre _960025 |
|
| 999 |
_c38604 _d38604 |
||